[Event "VEN-ch U20"]
[Site "Maracay"]
[Date "2018.05.31"]
[Round "3"]
[White "Casares Contreras, Marcos Gabriel"]
[Black "Casares Contreras, Jose Gabriel"]
[Result "1-0"]
[WhiteElo "1288"]
[BlackElo "1065"]
[PlyCount "30"]
[EventDate "2018.05.31"]
[EventType "swiss"]
[EventRounds "7"]
[EventCountry "VEN"]
[SourceTitle "EXT 2019"]
[Source "ChessBase"]
[SourceDate "2018.10.10"]
[SourceVersion "1"]
[SourceVersionDate "2018.10.10"]
[SourceQuality "1"]

1. e4 e5 2. Nf3 Nf6 3. d4 exd4 4. Qxd4 d5 5. Bb5+ c6 6. Ba4 Be7 7. 0-0 dxe4 8. Qe3 exf3 9. Qxf3 Be6 10. Qg3 Rg8 11. Nc3 b5 12. Bb3 Bxb3 13. axb3 Nh5 14. Qe5 Nf6 15. Rd1 Qd7 1-0